|
|
|
|
| LEADER |
01242cam a2200265 i 4500 |
| 001 |
1800145 |
| 003 |
GR-PaULI |
| 005 |
20220126082740.0 |
| 008 |
190531s2002 gr a g 000 0 gre d |
| 952 |
|
|
|0 0
|1 0
|2 ddc
|4 0
|6 193_000000000000000_NIE_DER
|7 0
|9 232531
|a THST
|b THST
|d 2019-05-31
|i 005752
|l 0
|o 193 NIE DER
|p 025000017470
|r 2019-05-31 00:00:00
|t 1
|v 2019.00
|w 2019-05-31
|y BK15
|
| 999 |
|
|
|c 141226
|d 141226
|
| 020 |
|
|
|a 9600510067
|
| 040 |
|
|
|a GR-PaULI
|b gre
|d GR-PaULI
|e AACR2
|
| 041 |
1 |
|
|a gre
|h fre
|
| 082 |
0 |
0 |
|a 193
|2 23
|
| 100 |
1 |
|
|a Derrida, Jacques,
|9 7885
|d 1930-2004
|e συγγραφέας
|
| 245 |
1 |
0 |
|a Έμβολα.
|b Τα ύφη του Νιτσε /
|c Ζακ Ντερριντά ; πρόλογος Γκόλφω Μαγγινη ; μετάφραση Γιώργος Φαρακλας.
|
| 260 |
|
|
|a Αθήνα :
|b Εστία,
|c 2002.
|
| 300 |
|
|
|a 94 σ. ;
|c 19 εκ.
|
| 500 |
|
|
|a Τίτλος πρωτοτύπου : Éperons. Les styles de Nietzsche.
|
| 600 |
1 |
4 |
|a Nietzsche, Friedrich Wilhelm,
|d 1844-1900
|9 81917
|x Ερμηνεία και κριτική
|
| 650 |
|
4 |
|a Γλώσσα και γλώσσες
|x Ύφος
|9 45766
|
| 700 |
1 |
4 |
|a Φαράκλας, Γιώργος,
|d 1962-
|e μεταφραστής
|9 842
|
| 942 |
|
|
|2 ddc
|c BK15
|
| 998 |
|
|
|c ΜΑΝΙΑ
|d 2019-05
|